Normal view
MARC view
- Muhammad Zeeshan Sarwar (00000277253)
Entry Personal Name
001 - CONTROL NUMBER
- control field: 116682
003 - CONTROL NUMBER IDENTIFIER
- control field: NUST
005 - DATE AND TIME OF LATEST TRANSACTION
- control field: 20230912170023.0
008 - FIXED-LENGTH DATA ELEMENTS
- fixed length control field: 230912|| aca||aabn | a|a d
040 ## - CATALOGING SOURCE
- Original cataloging agency: NUST
- Transcribing agency: NUST
100 ## - HEADING--PERSONAL NAME
- Personal name: Muhammad Zeeshan Sarwar (00000277253)
670 ## - SOURCE DATA FOUND
- Source citation: Work cat.: (NUST): Muhammad Zeeshan Sarwar (00000277253), Mitigation of Electric Vehicle Charging Impacts Using Photovoltaic and Valley Filling in a Real Distribution Network /, 2022
